[Event "UKR-chT 2019"]
[Site "Chornomorsk"]
[Date "2019.05.26"]
[Round "7.5"]
[White "Doluhanova, Evgeniya"]
[Black "Barchuk, Irina"]
[Result "1-0"]
[WhiteElo "2319"]
[BlackElo "2008"]
[Annotator "NA"]
[PlyCount "109"]
[EventDate "2019.05.20"]
[EventCountry "UKR"]
[SourceTitle "playchess.com"]
[Source "ChessBase"]
[SourceQuality "1"]
[TimeControl "40/5400+30:1800+30"]

1. e4 {[%emt 0:00:00]} c5 {[%emt 0:00:00]} 2. Nf3 {[%emt 0:00:00]} d6 {[%emt 0:00:00]} 3. Bb5+ {[%emt 0:00:00]} Nd7 {[%emt 0:00:00]} 4. c3 {[%emt 0:00:12]} g6 {[%emt 0:00:07]} 5. d4 {[%emt 0:01:19]} cxd4 {[%emt 0:00:17]} 6. cxd4 {[%emt 0:09:27]} Ngf6 {[%emt 0:02:18]} 7. Nc3 {[%emt 0:00:42]} a6 {[%emt 0:00:13]} 8. Ba4 {[%emt 0:02:47]} b5 {[%emt 0:01:16]} 9. Bb3 {[%emt 0:06:21]} Bb7 {[%emt 0:03:58]} 10. Ng5 {[%emt 0:02:24]} e6 {[%emt 0:01:12]} 11. d5 {[%emt 0:03:33]} e5 {[%emt 0:01:13]} 12. a3 {[%emt 0:01:09]} Bg7 {[%emt 0:00:30]} 13. O-O {[%emt 0:00:30]} h6 {[%emt 0:03:04]} 14. Nh3 {[%emt 0:03:12]} O-O {[%emt 0:01:09]} 15. Be3 {[%emt 0:00:15]} Nc5 {[%emt 0:01:38]} 16. Bc2 {[%emt 0:00:42]} Bc8 {[%emt 0:03:11]} 17. b4 {[%emt 0:07:51]} Nb7 {[%emt 0:06:01]} 18. a4 {[%emt 0:09:49]} Bxh3 {[%emt 0:00:20]} 19. gxh3 {[%emt 0:00:05]} Qc8 {[%emt 0:01:24]} 20. Qd3 {[%emt 0:00:15]} Qxh3 {[%emt 0:00:28]} 21. Bd2 {[%emt 0:00:20]} Qxd3 {[%emt 0:06:02]} 22. Bxd3 {[%emt 0:00:05]} bxa4 {[%emt 0:00:10]} 23. Nxa4 {[%emt 0:03:34]} a5 {[%emt 0:01:08]} 24. bxa5 {[%emt 0:03:52]} Nxa5 {[%emt 0:02:14]} 25. Rfb1 {[%emt 0:09:00]} Nxd5 {[%emt 0:18:32]} 26. exd5 {[%emt 0:13:48]} e4 {[%emt 0:00:03]} 27. Nb6 {[%emt 0:00:26]} Bxa1 {[%emt 0:00:27]} 28. Nxa8 {[%emt 0:08:49]} exd3 {[%emt 0:05:05]} 29. Nb6 {[%emt 0:00:28]} Bd4 {[%emt 0:01:21]} 30. Bxa5 {[%emt 0:00:11]} Rb8 {[%emt 0:00:02]} 31. Kf1 {[%emt 0:00:11]} f5 {[%emt 0:00:40]} 32. Ke1 {[%emt 0:00:31]} f4 {[%emt 0:01:09]} 33. Kd2 {[%emt 0:06:03]} Bxf2 {[%emt 0:00:03]} 34. Kxd3 {[%emt 0:00:05]} g5 {[%emt 0:00:13]} 35. h3 {[%emt 0:00:31]} Kf7 {[%emt 0:02:14]} 36. Rb2 {[%emt 0:00:44]} Bc5 {[%emt 0:00:31]} 37. Nc4 {[%emt 0:01:29]} Ra8 {[%emt 0:05:00]} 38. Ke4 {[%emt 0:03:02]} Kg6 {[%emt 0:00:09]} 39. Kf3 {[%emt 0:00:13]} h5 {[%emt 0:01:39]} 40. Rb7 {[%emt 0:00:00]} Rf8 {[%emt 0:00:00]} 41. Bb4 {[%emt 0:07:33]} Kf5 {[%emt 0:02:07]} 42. Bxc5 {[%emt 0:06:50]} g4+ {[%emt 0:00:07]} 43. Kf2 {[%emt 0:00:54]} dxc5 {[%emt 0:00:06]} 44. d6 {[%emt 0:01:46]} gxh3 {[%emt 0:06:52]} 45. Rh7 {[%emt 0:01:30]} Kg6 {[%emt 0:07:45]} 46. Re7 {[%emt 0:00:27]} h2 {[%emt 0:01:18]} 47. Re1 {[%emt 0:03:18]} Re8 {[%emt 0:12:31]} 48. Rh1 {[%emt 0:01:56]} Re4 {[%emt 0:00:16]} 49. d7 {[%emt 0:00:36]} Rd4 {[%emt 0:00:04]} 50. Rxh2 {[%emt 0:01:20]} Kf6 {[%emt 0:00:23]} 51. Nb6 {[%emt 0:00:11]} Ke7 {[%emt 0:00:43]} 52. Rxh5 {[%emt 0:00:11]} Kd8 {[%emt 0:01:06]} 53. Rxc5 {[%emt 0:00:53]} Rd6 {[%emt 0:00:08]} 54. Rc8+ {[%emt 0:00:10]} Ke7 {[%emt 0:00:02]} 55. Re8+ {[%emt 0:00:10]} 1-0

[Event "UKR-chT 2019"]
[Site "Chornomorsk"]
[Date "2019.05.26"]
[Round "7.6"]
[White "Mats, Diana"]
[Black "Maly, Alexey"]
[Result "0-1"]
[WhiteElo "2056"]
[BlackElo "2349"]
[Annotator "NA"]
[PlyCount "58"]
[EventDate "2019.05.20"]
[EventCountry "UKR"]
[SourceTitle "playchess.com"]
[Source "ChessBase"]
[SourceQuality "1"]
[TimeControl "40/5400+30:1800+30"]

1. e4 {[%emt 0:00:00]} c6 {[%emt 0:00:00]} 2. c4 {[%emt 0:01:56]} d5 {[%emt 0:00:00]} 3. exd5 {[%emt 0:00:25]} cxd5 {[%emt 0:00:00]} 4. cxd5 {[%emt 0:00:15]} Nf6 {[%emt 0:00:03]} 5. Qa4+ {[%emt 0:00:17]} Nbd7 {[%emt 0:00:26]} 6. Nc3 {[%emt 0:00:26]} g6 {[%emt 0:00:13]} 7. Bc4 {[%emt 0:02:38]} Bg7 {[%emt 0:00:08]} 8. d3 {[%emt 0:06:41]} O-O {[%emt 0:00:08]} 9. Nge2 {[%emt 0:04:47]} a6 {[%emt 0:00:30]} 10. Qa3 {[%emt 0:00:18]} Nb6 {[%emt 0:07:40]} 11. Qb3 {[%emt 0:00:39]} Nbd7 {[%emt 0:31:47]} 12. a4 {[%emt 0:01:49]} Ne8 {[%emt 0:00:40]} 13. O-O {[%emt 0:01:55]} Nd6 {[%emt 0:04:13]} 14. Be3 {[%emt 0:11:06]} Nf5 {[%emt 0:03:56]} 15. a5 {[%emt 0:12:11]} Nxe3 {[%emt 0:13:36]} 16. fxe3 {[%emt 0:00:30]} b5 {[%emt 0:03:29]} 17. axb6 {[%emt 0:00:31]} Nxb6 {[%emt 0:00:03]} 18. Kh1 {[%emt 0:04:24]} Nxc4 {[%emt 0:06:42]} 19. dxc4 {[%emt 0:01:47]} e6 {[%emt 0:00:06]} 20. Nd4 {[%emt 0:10:35]} exd5 {[%emt 0:00:59]} 21. Nxd5 {[%emt 0:00:10]} Qg5 {[%emt 0:09:15]} 22. c5 {[%emt 0:05:05]} Bxd4 {[%emt 0:03:52]} 23. exd4 {[%emt 0:03:08]} Be6 {[%emt 0:00:10]} 24. Nf6+ {[%emt 0:00:21]} Qxf6 {[%emt 0:00:27]} 25. d5 {[%emt 0:01:33]} Bf5 {[%emt 0:00:34]} 26. c6 {[%emt 0:06:58]} Qd6 {[%emt 0:02:55]} 27. Ra4 {[%emt 0:09:28]} Rfb8 {[%emt 0:00:54]} 28. Qa2 {[%emt 0:03:00]} Bd3 {[%emt 0:01:23]} 29. Rd1 {[%emt 0:02:17]} Bc2 {[%emt 0:00:30]} 0-1

[Event "UKR-chT 2019"]
[Site "Chornomorsk"]
[Date "2019.05.26"]
[Round "8"]
[White "Kovchan, Alexander"]
[Black "Tisevich, Roman"]
[Result "1-0"]
[WhiteElo "2566"]
[BlackElo "2337"]
[Annotator "TA"]
[PlyCount "47"]
[EventDate "2019.05.20"]
[EventCountry "UKR"]
[SourceTitle "playchess.com"]
[Source "ChessBase"]
[SourceQuality "1"]

{[%evp 12,47,63,59,60,69,101,83,109,75,68,62,74,58,96,108,126,131,210,203,210,206,210,197,202,204,218,213,219,204,206,207,202,196,781,775,1057,1053]} 1. e4 e5 2. Nf3 Nf6 3. Nxe5 Nxe4 4. Qe2 Qe7 5. Qxe4 d6 6. d4 dxe5 7. dxe5 Nc6 {C42: Petroff Defence: 3 Nxe5 and unusual White 3rd moves} 8. Nc3 Qb4 (8... Qxe5 9. Bf4 Qxe4+ 10. Nxe4 Bf5 11. Bd3 O-O-O 12. O-O-O Bg6 13. a3 Rd4 14. Rhe1 f5 15. Ng3 Rxf4 16. Bxf5+ Rxf5 17. Nxf5 {0-1 (70) Andriasian,Z (2604)-Ponkratov,P (2630) chess.com INT 2019}) 9. Bd3 $146 ({Predecessor:} 9. Bc4 Be6 10. Bxe6 Qxe4+ 11. Nxe4 fxe6 12. O-O Nxe5 13. Bf4 Ng6 14. Bxc7 Rc8 15. Ba5 {1-0 (28) Malik,J (2320)-Skockova,K (1809) Litomysl 2016}) 9... Bd7 {White is better.} 10. O-O O-O-O 11. Bf4 Qxe4 12. Bxe4 Re8 13. Rad1 Bb4 14. Nd5 Ba5 (14... f5 $16) 15. b4 $1 $18 {[%cal Rb4a5]} Bxb4 16. Nxb4 Nxb4 {[#]} 17. Bxb7+ $1 {[%mdl 576] Deflection} Kxb7 18. Rxd7 Rd8 19. Rxf7 {And now e6 would win.} Rhf8 20. e6 ({Worse is} 20. Rxg7 Rxf4 21. g3 Re4 $11) 20... Rxf7 21. exf7 Nc6 22. Rb1+ $1 Kc8 $2 {[#]} (22... Ka6 23. Bxc7 Rf8) 23. Re1 $1 {[%cal Re1e8]} Kb7 {[#]} 24. Bd6 $1 {[%mdl 576] Promotion. Accuracy: White = 83%, Black = 33%.} 1-0

[Event "UKR-chT 2019"]
[Site "Chornomorsk"]
[Date "2019.05.26"]
[Round "8"]
[White "Zavgorodniy, Sergiy"]
[Black "Zolotariov, Georgiy"]
[Result "1-0"]
[WhiteElo "2420"]
[BlackElo "1895"]
[Annotator "TA"]
[PlyCount "71"]
[EventDate "2019.05.20"]
[EventCountry "UKR"]
[SourceTitle "playchess.com"]
[Source "ChessBase"]
[SourceQuality "1"]

{[%evp 13,71,19,22,3,30,24,51,47,46,43,44,26,31,39,114,111,106,121,122,118,143,136,146,150,138,158,143,129,138,95,118,118,245,247,265,275,259,249,272,266,302,301,312,306,296,293,386,194,568,570,545,539,558,547,539,560,554,553,524,516]} 1. e4 d6 2. d4 Nf6 3. Nc3 g6 4. Nf3 Bg7 5. h3 O-O 6. Be2 Nbd7 7. O-O e5 8. Re1 {B08: Pirc Defence: Classical System} (8. dxe5 dxe5 9. Be3 Qe7 10. Bc4 c6 11. a3 Nc5 12. Nd2 Ne6 13. Ne2 Rd8 14. Qc1 a5 15. a4 Nh5 16. Nb3 Nef4 17. Nxf4 exf4 18. Bxf4 Nxf4 19. Qxf4 Bxb2 {0-1 (38) Veinberg,N (2399)-Smirin,I (2610) Israel 2019}) 8... Re8 9. dxe5 dxe5 10. Bc4 $146 {White is slightly better.} ({Predecessor:} 10. Bg5 h6 11. Be3 c6 12. Qd2 Kh7 13. a4 Qa5 14. Bc4 Rf8 15. Nd5 Qxd2 16. Nxf6+ Bxf6 17. Nxd2 {½-½ (54) Lovric,R (1984)-Rakic,M (2189) Belgrade 2014}) 10... Qe7 11. a4 {[%cal Ba2a4,Ba4a5,Ba5b6][%mdl 32]} Nb6 12. Bb3 Be6 13. a5 {aiming for Bxe6.} Bxb3 ({Black should play} 13... Nbd7 $14) 14. axb6 $16 Bc4 15. bxa7 Red8 16. Bd2 c6 17. Qc1 b6 18. Be3 Qc7 19. b3 Be6 20. Ra6 Nd7 21. Rd1 {Ng5 is the strong threat.} Bf8 22. Qa1 $36 {[%mdl 2048] White has strong initiative.} f6 {[#]} (22... Nc5 $16 {keeps fighting.}) 23. Na4 $1 $18 c5 24. Nc3 c4 25. Nd5 Bxd5 26. Rxd5 ({Weaker is} 26. exd5 cxb3 27. cxb3 Nc5 $16) 26... cxb3 27. cxb3 Nc5 28. Bxc5 $1 Bxc5 29. Qd1 {Hoping for Rxd8+.} Bd6 30. Nd2 (30. Ra2 $142) 30... b5 $2 (30... Bc5 31. Nf3 Rf8) 31. Nb1 {White is clearly winning.} Be7 {If only Black now had time for ...Kg7....} 32. Rxd8+ {[%mdl 64] [#] Overworked Piece} Qxd8 33. Qxd8+ Bxd8 34. Nc3 b4 35. Nd5 {[%mdl 64] Double Attack} Kf7 36. Nxb4 {Accuracy: White = 69%, Black = 43%.} 1-0

[Event "UKR-chT 2019"]
[Site "Chornomorsk"]
[Date "2019.05.26"]
[Round "8"]
[White "Bondarets, Vadim"]
[Black "Brodsky, Michail"]
[Result "0-1"]
[WhiteElo "2236"]
[BlackElo "2535"]
[Annotator "TA"]
[PlyCount "68"]
[EventDate "2019.05.20"]
[EventCountry "UKR"]
[SourceTitle "playchess.com"]
[Source "ChessBase"]
[SourceQuality "1"]

{[%evp 9,68,12,10,0,0,0,0,25,14,22,22,-22,-22,-18,-17,-27,-16,-21,-19,-37,-24,-26,-6,-11,-11,-68,-68,-68,-68,-75,-68,-71,-69,-72,-49,-168,-119,-180,-15,-12,220,190,218,222,218,198,184,180,202,133,331,316,546,500,5273,-806,-778,-29983,-29984,-29981,-29982]} 1. Nf3 d5 2. c4 e6 3. b3 c5 4. cxd5 exd5 5. Bb2 Nf6 6. g3 {A13: English Opening: 1...e6} Nc6 7. Bg2 d4 8. O-O {The position is equal.} Be7 9. Na3 O-O 10. Re1 $146 ({Predecessor:} 10. Nc4 Bf5 11. Rc1 Rc8 12. Nfe5 Nxe5 13. Nxe5 {½-½ (55) So,W (2780)-Aronian,L (2767) Saint Louis 2018}) 10... Nd5 11. Nc4 Bf6 12. e4 Ndb4 13. d3 $1 b5 $36 {[%mdl 2048] Black has the initiative.} 14. Na3 Qb6 15. Nc2 Be6 16. Nxb4 Nxb4 17. Ba3 (17. a3 $11 Nc6 18. e5) 17... a5 $15 18. Bxb4 axb4 19. e5 Be7 20. Nd2 Ra3 21. f4 g6 22. Qe2 (22. g4 $15) 22... Qa7 {aiming for ...c4.} 23. Ne4 {[#]} (23. Rec1 $17 {keeps fighting.}) 23... Bxb3 $2 (23... c4 $1 $19 {[%cal Rc4b3][%mdl 512]} 24. Qb2 (24. bxc4 bxc4) 24... Rc8) 24. f5 $1 $11 {[%cal Rf5f6]} gxf5 $2 (24... Rxa2 $11 {and Black is okay.} 25. Rxa2 Qxa2) 25. Nf6+ $1 $18 Bxf6 26. exf6 {Threatening mate with Qh5.} Qa6 {[%cal Ra3a2]} ({Stronger than} 26... Bxa2 27. Qh5 Kh8 28. Qg5 Rg8 29. Qxg8+ $1 {[%mdl 512]} Kxg8 30. Re8#) 27. Qd2 {Qg5+ would kill now.} Qxf6 {White must now prevent ...Be6.} 28. axb3 Rxb3 29. Bd5 Rc3 $2 (29... Ra3 $16) 30. Ra7 b3 $2 {[#]} (30... f4 31. Ree7 fxg3) 31. Ree7 $1 {[%cal Re7f7] Strongly threatening Rxf7.} Rc2 (31... b2 $142 32. Qxb2 Qh6 33. Rxf7 (33. Bxf7+ Rxf7 34. Rxf7 Rxd3 $18) 33... Rxf7) 32. Qd1 $4 {[%mdl 8192]} (32. Rxf7 $18 Rxf7 33. Bxf7+ Kh8 {[#]} 34. Qf4 $1 {[%mdl 512]}) 32... Qh6 $19 33. Bxf7+ {[#]} Rxf7 $1 {[%mdl 512]} 34. Re8+ {[#]} (34. Rxf7 Qxh2+) 34... Kg7 $1 {Accuracy: White = 56%, Black = 45%.} 0-1

[Event "UKR-chT 2019"]
[Site "Chornomorsk"]
[Date "2019.05.26"]
[Round "8"]
[White "Kamnev, Alexandr"]
[Black "Voitovich, Vladislav"]
[Result "0-1"]
[WhiteElo "1868"]
[BlackElo "2325"]
[Annotator "TA"]
[PlyCount "38"]
[EventDate "2019.05.20"]
[EventCountry "UKR"]
[SourceTitle "playchess.com"]
[Source "ChessBase"]
[SourceQuality "1"]

{[%evp 9,38,2,56,0,34,28,62,62,75,63,70,55,63,9,28,20,84,13,15,0,0,-1875,-207,-1806,-1788,-1681,-1654,-2652,-2493,-29998,-29999]} 1. e4 Nf6 2. Nc3 e5 3. Nf3 Nc6 4. Bb5 Bc5 5. O-O Qe7 ({Black should play} 5... O-O $11) 6. d3 {C48: Four Knights: 4 Bb5, replies other than 4...Bb4} (6. Nd5 $14 Qd6 7. d3) (6. Nd5 Nxd5 7. exd5 Nd4 8. Nxd4 Bxd4 9. c3 Bb6 10. d4 O-O 11. dxe5 Qxe5 12. Re1 Qf6 13. Be3 d6 {½-½ (40) Perez Garcia,R (2435)-Korneev,O (2583) Ortigueira 2002}) 6... a6 7. Ba4 h6 8. Nd5 {White is slightly better.} Nxd5 9. exd5 Nd4 $1 {[#]} 10. Nxe5 $1 {[%mdl 512] Hoping for Re1.} O-O ({But not} 10... Qxe5 $2 11. Re1 $18) 11. Re1 ({White should try} 11. Nf3 $14) 11... b5 $11 12. Bb3 d6 $146 {[#]} (12... Qf6 $11 13. Ng4 Qg6) ({Predecessor:} 12... Nxb3 13. axb3 Qf6 {½-½ (46) Bazaj Bockai,S (2170)-Dokmanovic,N (2120) Porec 1998}) 13. Ng6 (13. Nc6 $1 $16 {[%cal Rc6e7]} Qf6 14. Be3) 13... Qf6 14. Nxf8 {Strongly threatening Re8.} Nxb3 15. Re8 $2 {[%mdl 8192]} (15. Kh1 $11 Nxa1 16. Re8 Qxf2 17. Nd7+ Kh7 18. Nf8+ Kh8 19. Ne6+ Kh7 20. Nf8+ Kh8 21. Ne6+ Kh7 22. Nf8+) 15... Qxf2+ $40 {[%mdl 128] Black is out for blood.} 16. Kh1 Bh3 {[%mdl 64] Discovered Attack} 17. gxh3 Rxe8 {[%cal Ba8e8,Be8e3,Be3e1][%mdl 32]} 18. Be3 Rxe3 19. axb3 {[#]} Re1+ $1 {[%mdl 512] Accuracy: White = 31%, Black = 66%.} 0-1

[Event "UKR-chT 2019"]
[Site "Chornomorsk"]
[Date "2019.05.27"]
[Round "8.1"]
[White "Onischuk, Vladimir"]
[Black "Reshetkov, Kirill"]
[Result "1-0"]
[WhiteElo "2633"]
[BlackElo "2261"]
[Annotator "TA"]
[PlyCount "49"]
[EventDate "2019.05.20"]
[EventCountry "UKR"]
[SourceTitle "playchess.com"]
[Source "ChessBase"]
[SourceQuality "1"]

{[%evp 15,49,28,47,25,30,30,45,25,20,0,0,0,0,0,0,-14,-6,-15,-14,-29,-46,-33,-20,-40,-38,-28,-1,-13,38,-22,-24,-2,0,0,104,83]} 1. e4 d6 2. d4 Nf6 3. Nc3 e5 4. Nf3 Nbd7 5. g3 Be7 6. Bg2 O-O 7. O-O c6 8. a4 a5 9. h3 {C41: Philidor Defence} (9. Re1 Re8 10. b3 Bf8 11. Bb2 exd4 12. Nxd4 Nc5 13. Qd2 g6 14. h3 Bg7 15. Rad1 Qb6 16. Kh2 Bd7 {½-½ (46) Andriasian,Z (2621)-Plat,V (2532) Tallinn 2016}) 9... Re8 10. Be3 Qc7 11. Nd2 {White is slightly better.} b6 12. f4 Ba6 13. Rf2 $146 ({Predecessor:} 13. Re1 Rac8 {1-0 (29) Guedon,S (2214)-Davy,B (1883) Sautron 2014}) 13... b5 14. axb5 cxb5 15. g4 {And now g5 would win.} b4 16. Na4 {Strongly threatening g5.} h6 17. Nf1 {[#]} d5 $1 {[%mdl 512] ...exd4 is the strong threat.} 18. fxe5 (18. exd5 e4) 18... Nxe4 19. Bxe4 dxe4 {[#]} 20. g5 $1 {[%mdl 512]} hxg5 (20... Bxg5 21. Qg4) 21. Ng3 Bc4 ({Black should try} 21... Bb5 $11) 22. Qg4 (22. h4 $14) 22... Ra6 $11 23. Nf5 Bd8 24. h4 {[#]} Rg6 {[#]} (24... Nxe5 $1 $11 {[%mdl 512] remains equal.} 25. dxe5 Rxe5) 25. h5 $1 {Accuracy: White = 52%, Black = 63%.} 1-0

[Event "UKR-chT 2019"]
[Site "Chornomorsk"]
[Date "2019.05.27"]
[Round "8.1"]
[White "Onischuk, Vladimir"]
[Black "Reshetkov, Kirill"]
[Result "*"]
[WhiteElo "2633"]
[BlackElo "2261"]
[Annotator "TA"]
[PlyCount "26"]
[EventDate "2019.05.20"]
[EventCountry "UKR"]
[SourceTitle "playchess.com"]
[Source "ChessBase"]
[SourceQuality "1"]

{[%evp 15,23,29,47,25,23,15,35,35,18,11]} 1. e4 d6 2. d4 Nf6 3. Nc3 e5 4. Nf3 Nbd7 5. g3 Be7 6. Bg2 O-O 7. O-O c6 8. a4 a5 9. h3 {C41: Philidor Defence} (9. Re1 Re8 10. b3 Bf8 11. Bb2 exd4 12. Nxd4 Nc5 13. Qd2 g6 14. h3 Bg7 15. Rad1 Qb6 16. Kh2 Bd7 {½-½ (46) Andriasian,Z (2621)-Plat,V (2532) Tallinn 2016}) 9... Re8 10. Be3 Qc7 11. Nd2 b6 12. f4 {Predecessor:} Ba6 $146 13. Re1 Rac8 {1-0 (29) Guedon,S (2214)-Davy,B (1883) Sautron 2014} *

[Event "UKR-chT 2019"]
[Site "Chornomorsk"]
[Date "2019.05.27"]
[Round "8.2"]
[White "Snigurov, Maxim"]
[Black "Kovchan, Alexander"]
[Result "0-1"]
[WhiteElo "2259"]
[BlackElo "2566"]
[Annotator "TA"]
[PlyCount "84"]
[EventDate "2019.05.20"]
[EventCountry "UKR"]
[SourceTitle "playchess.com"]
[Source "ChessBase"]
[SourceQuality "1"]

{[%evp 9,84,22,21,29,19,19,15,14,20,0,2,-34,0,-43,-43,-38,-30,-30,-45,-51,-42,-45,-32,-30,-40,-37,-56,-53,-39,-151,-151,-147,-79,-279,-285,-288,-108,-279,-255,-275,-275,-285,-275,-293,-327,-339,-302,-332,-330,-338,-336,-316,-320,-312,-311,-347,-302,-254,-247,-733,-676,-724,-716,-494,-29961,-29965,-29969,-29969,-29962,-29950,-10254,-6219,-6057,-6103,-5853,-29945,-6127]} 1. e4 c5 2. Nc3 a6 3. g3 Nc6 4. Bg2 g6 5. Nge2 Bg7 6. d3 {B24: Closed Sicilian: 3 g3 sidelines} d6 7. Bg5 Nf6 8. h3 {The position is equal.} Rb8 9. O-O b5 10. f4 $146 ({Predecessor:} 10. Qd2 h6 11. Be3 b4 12. Nd1 {0-1 (59) Movsesian,S (2629)-Xiong,J (2672) chess.com INT 2019}) 10... Bb7 11. Kh2 h6 12. Bh4 g5 13. fxg5 Ng4+ $1 14. Kh1 ({Much worse is} 14. hxg4 hxg5 15. Qe1 e6 $19) 14... Ne3 $1 $36 {[%csl LRd1,LRf1][%mdl 2112] [#] Double Attack. White is under pressure.} 15. Qd2 Nxf1 16. Rxf1 Ne5 17. Nd5 Bxd5 18. exd5 Qd7 19. Qf4 (19. Kh2 $15) 19... hxg5 $17 20. Bxg5 Qg4 (20... Rxh3+ $142 21. Bxh3 Qxh3+ 22. Kg1 f6) 21. Qe3 $2 (21. Qxg4 $17 Nxg4 22. Kg1) 21... Rxh3+ $19 22. Bxh3 Qxh3+ {[%mdl 64] Double Attack} 23. Kg1 f6 {Strongly threatening ...Ng4.} 24. Nf4 {[#]} Qh2+ $1 {[%mdl 576] Decoy} 25. Kxh2 Ng4+ {[%mdl 64] Double Attack} 26. Kh1 Nxe3 27. Rf3 fxg5 28. Ne6 Nxc2 {Threatens to win with ...Bf6.} ({Don't play} 28... Nxd5 29. Nxg7+ Kd7 30. Kg2 $19) 29. Nxg7+ {[%mdl 4096] Endgame KRN-KRN} Kd7 30. Ne6 g4 31. Nf8+ Ke8 32. Rf4 Ne3 33. Ng6 {And now Rf8+ would win.} Kd7 34. Nxe7 $2 (34. Nf8+ Kc7 35. Ne6+ Kb6 36. Kg1) 34... Kxe7 {KRN-KR} (34... Rh8+ $2 35. Kg1 $19) 35. Re4+ Kf7 36. Rxe3 Re8 37. Rxe8 Kxe8 {KP-KP} 38. Kg1 Kf7 39. Kf2 Kf6 40. Ke2 Ke5 41. Ke3 a5 42. b3 b4 {Accuracy: White = 46%, Black = 90%.} 0-1

[Event "UKR-chT 2019"]
[Site "Chornomorsk"]
[Date "2019.05.27"]
[Round "8.3"]
[White "Brodsky, Michail"]
[Black "Molchanov, Mykola"]
[Result "1/2-1/2"]
[WhiteElo "2535"]
[BlackElo "2096"]
[Annotator "TA"]
[PlyCount "103"]
[EventDate "2019.05.20"]
[EventCountry "UKR"]
[SourceTitle "playchess.com"]
[Source "ChessBase"]
[SourceQuality "1"]

{[%evp 9,103,22,30,33,54,16,17,17,22,16,20,10,42,0,17,13,37,8,49,49,45,10,22,12,19,23,67,59,61,46,179,168,269,252,283,289,285,244,247,138,137,133,165,104,120,111,110,106,89,53,57,49,39,0,45,56,68,38,25,6,23,16,56,24,39,35,33,43,35,33,68,72,66,73,83,82,88,36,56,51,53,0,0,0,0,0,0,0,0,0,0,0,14,8,8,0]} 1. d4 d5 2. c4 e6 3. Nc3 Be7 4. cxd5 exd5 5. Bf4 c6 6. Qc2 {D31: Queen's Gambit Declined: Semi-Slav without ...Nf6 (+ Marshall Gambit and Noteboom) and Exchange Variation lines without ...Nf6} (6. e3 Bf5 7. g4 Be6 8. h3 Nd7 9. Bd3 h5 10. gxh5 Ndf6 11. h6 Nxh6 12. Qc2 Qd7 13. Nf3 Bf5 14. Ne5 Bxd3 15. Nxd3 Nh5 16. Bh2 Qxh3 {½-½ (32) Radjabov,T (2757)-Giri,A (2783) Wijk aan Zee 2019}) 6... Na6 {[%cal Bb8a6,Ba6c7,Bc7e6][%mdl 32]} 7. a3 Nf6 8. e3 Nc7 9. Bd3 Ne6 10. Be5 Bd6 11. f4 $146 ({Predecessor:} 11. Nf3 Bxe5 12. Nxe5 Nd7 13. Nf3 Nf6 {½-½ (47) Roselli Mailhe,B (2443)-Molina,R (2418) Santos 2012}) 11... Ng4 12. Bxd6 Qxd6 13. Qe2 (13. Qd2 {is more complex.} O-O 14. Nf3 Nf6 15. Ne5 c5 16. Qf2) 13... Nf6 14. Nf3 $36 {[%mdl 2048] White fights for an advantage.} O-O 15. f5 Nc7 16. O-O Re8 17. Rae1 Re7 18. Ne5 Nce8 19. g4 Nd7 ({Better is} 19... h6 $1 $14) 20. Nf3 $18 c5 (20... Ndf6 {is a better defense.}) 21. e4 Nc7 22. e5 Qh6 23. Qf2 cxd4 {[#]} 24. Qxd4 (24. g5 $1 $18 {[%cal Rg5h6]} Qh5 25. Qxd4) 24... Qb6 $16 25. Qxb6 Nxb6 {[#]} 26. Kf2 (26. Rc1 $1 $18) 26... Bd7 27. Re2 Rae8 28. Rfe1 Bc6 29. g5 g6 30. Nd4 Nd7 $1 {[%cal Re7e5]} 31. Nf3 gxf5 32. Bxf5 Ne6 33. Kg3 Ndc5 34. Bxe6 (34. Rd2 {keeps more tension.} d4 35. Nxd4 Nxd4 36. Rxd4 Rxe5 37. Rxe5 Rxe5 38. Kf4) 34... Rxe6 (34... Nxe6 {feels hotter.} 35. Rd2 d4 36. Ne4 Bxe4 37. Rxe4 Rd8) 35. Rd1 (35. Nd4 {with more complications.} Rg6 36. h4 h6 37. b4 Nd3 38. Rd1) 35... d4 36. Rxd4 (36. Nxd4 {is more complex.} Rxe5 37. Rxe5 Rxe5 38. Kf4 Re7 39. Nxc6 bxc6 40. h4) 36... Bxf3 37. Kxf3 {Threatens to win with Nd5.} Rxe5 38. Rxe5 Rxe5 $14 {[%mdl 4096] Endgame KRN-KRN} 39. h4 Kg7 40. b4 Ne6 41. Rd7 a5 42. Rxb7 axb4 43. axb4 (43. Rxb4 $16 h6 44. gxh6+ Kxh6 45. Ne2) 43... Rf5+ 44. Kg3 Re5 {...Re3+ is the strong threat.} 45. Nd1 ({White should try} 45. Kg4 $14) 45... Kg6 $11 {The position is equal.} 46. b5 Re1 47. Rd7 {Hoping for b6.} Re5 48. b6 {Black must now prevent Rd2.} Rb5 $1 49. b7 Rb3+ 50. Kg2 Kh5 51. Rxf7 Kxh4 52. Rxh7+ {Accuracy: White = 39%, Black = 59%.} 1/2-1/2